000 00984nam a22003257a 4500
001 565979
003 OSt
005 20210415112949.0
008 890512s1991 nyu 001 0 eng
010 _a 89045678
020 _a0060162562
020 _a0060920505 (pbk)
040 _aDLC
_cDLC
_dDLC
_dOCoLC
_beng
041 _aeng
050 0 0 _aRC359
_b.K58 1990
080 _a616.8
_bK-51
082 0 0 _a616.8/049
_220
100 1 _aKlawans, Harold L.
245 1 0 _aNewton's madness :
_bfurther tales of clinical neurology /
_c/ by: Harper Perennial
250 _a1st edition
260 _aNew York :
_bHarper Perennial
_c1991
300 _axi, 218 p.
_c24 cm.
365 _b8.95 usd
650 0 _aNeurology
_xCase studies.
650 0 _aBrain
_xDiseases
_xCase studies.
650 0 _aNeurologic manifestations of general diseases
_xCase studies.
653 _aნევროლოგია
906 _a7
_bcbc
_corignew
_d1
_eocip
_f19
_gy-gencatlg
942 _2udc
_cBK
_e1
999 _c2084
_d2084